| Tag |
First Indicator |
Second Indicator |
Subfields |
| LEADER |
00000nam a2200000 4500 |
| 001 |
in00004196607 |
| 005 |
20200806084141.0 |
| 006 |
m g d |
| 007 |
cr bn |||a|bb| |
| 008 |
920529s1589 enk o 00 eng d |
| 035 |
|
|
|a (UnM)99892060
|
| 037 |
|
|
|a CL2105000001
|b ProQuest Information and Learning. 300 N. Zeeb Rd., Ann Arbor, MI 48106
|
| 040 |
|
|
|a Cu-RivES
|c Cu-RivES
|d CStRLIN
|d Cu-RivES
|e dcrb
|
| 245 |
0 |
2 |
|a A trve discovrse of the discomfitvre of the Dvke of Avmalle, vvith his trovpes of horsmen in Picardie, by the Dvke of Longveville. :
|b Also other troupes of men discomfited in Beausse, by the Lord of Chastillon: together with the king of Nauarre his letters to the inhabitants of Orleans.
|
| 246 |
3 |
|
|a True discourse of the discomfiture of the Duke of Aumalle, with his troupes of horsmen in Picardie, by the Duke of Longueville
|
| 260 |
|
|
|a At London :
|b Printed by Richard Field, according to the French copies first printed at Tours,
|c 1589.
|
| 300 |
|
|
|a 1 online resource ([9], 5-21, [1] pages)
|
| 336 |
|
|
|a text
|b txt
|2 rdacontent
|
| 337 |
|
|
|a computer
|b c
|2 rdamedia
|
| 338 |
|
|
|a online resource
|b cr
|2 rdacarrier
|
| 500 |
|
|
|a Sometimes attributed to Charles (de Lorraine) Duke d'Aumale. Cf. BL catalog.
|
| 500 |
|
|
|a Printers' device on t.p. (McK. 222); head-pieces, initials.
|
| 500 |
|
|
|a Filmed copy has manuscript notes relating to this item, dated circa 1935, following t.p.
|
| 500 |
|
|
|a Imperfect: closely trimmed affecting page numbers.
|
| 500 |
|
|
|a Reproduction of original in British Library.
|
| 510 |
4 |
|
|a STC (2nd edition)
|c 11291.
|
| 510 |
4 |
|
|a Early English books tract supplement interim guide
|c C.132.h.25[1].
|
| 533 |
|
|
|a Electronic reproduction.
|b Ann Arbor, Mich. :
|c UMI,
|d 1999-
|f (Early English books online)
|n Digital version of: (Early English books; Tract supplement ; C20:1[1])
|7 s1999 miun s
|
| 600 |
1 |
0 |
|a Aumale, Charles de Lorraine,
|c duc d',
|d 1554-1631
|v Early works to 1800.
|
| 600 |
1 |
0 |
|a Longueville, Henri I d'Orléans,
|c duc de,
|d 1568-1595
|v Early works to 1800.
|
| 651 |
|
0 |
|a France
|x History
|y Wars of the Huguenots, 1562-1598
|v Early works to 1800.
|
| 700 |
1 |
|
|a Aumale, Charles de Lorraine,
|c duc d',
|d 1554-1631,
|e attributed name.
|
| 830 |
|
0 |
|a Early English books online.
|
| 856 |
4 |
0 |
|u http://proxy.library.tamu.edu/login?url=https://search.proquest.com/docview/2240918327
|z Connect to the full text of this electronic book
|t 0
|
| 999 |
f |
f |
|s 1a2761f4-fb26-3a1e-b820-404466eef3ba
|i ad71d19f-0aea-3ddf-b345-a108981168ab
|t 0
|
| 952 |
f |
f |
|a Texas A&M University
|b College Station
|c Electronic Resources
|d Available Online
|t 0
|h No information provided
|
| 998 |
f |
f |
|t 0
|l Available Online
|